Modern differential geometry of curves and surfaces with mathematica /

Salvato in:
Dettagli Bibliografici
Autori principali: Gray, Alfred (Autore), Abbena, Elsa (Autore), Salamon, Simon (Autore)
Natura: Libro
Lingua:inglese
Pubblicazione: Boca Raton Chapman 2006
Taylor
Edizione:3. vyd.
Serie:Studies in Advanced Mathematics
Soggetti:
Tags: Aggiungi Tag
Nessun Tag, puoi essere il primo ad aggiungerne!!

MARC

LEADER 00000nam a22000003a 4500
001 0077449
003 SK-STU
005 20191113084742.3
007 ta
008 191113s ----xo-----e------000-0-----d
020 |a 978-0-58488-488-4 
040 |a STU  |b slo 
041 0 |a eng 
044 |a xxu 
100 1 |a Gray, Alfred  |4 aut 
245 1 0 |a Modern differential geometry of curves and surfaces with mathematica /  |c aut. Alfred Gray, Elsa Abbena, Simon Salamon 
250 |a 3. vyd. 
260 |a Boca Raton  |b Chapman 
260 |b Taylor  |c 2006 
300 |a 984 s. 
490 0 |a Studies in Advanced Mathematics 
650 0 7 |a diferenciálna geometria 
650 0 7 |a matematika 
700 1 |a Abbena, Elsa  |4 aut 
700 1 |a Salamon, Simon  |4 aut 
996 |b 284M088240  |c M* 14262-1  |l MMKN  |s A  |a 24  |w 0077449_0001